| 000 | 01310cam a2200349 i 4500 | ||
|---|---|---|---|
| 001 | 18220744 | ||
| 003 | PILC | ||
| 005 | 20151105083914.0 | ||
| 008 | 140710s2015 enka b 001 0 eng | ||
| 010 | _a 2014026828 | ||
| 020 | _a9781849059275 (pbk.) | ||
| 020 | _a1849059276 (pbk.) | ||
| 020 | _z9780857007100 (eISBN) | ||
| 040 |
_aDLC _beng _cDLC _erda _dDLC |
||
| 042 | _apcc | ||
| 050 | 0 | 0 |
_aRC 553.A88 _b.W53 2015 |
| 082 | 0 | 0 | _a616.85/882 |
| 100 | 1 |
_aWilkinson, Lee A. _q(Lee Anthony) |
|
| 245 | 1 | 0 |
_aOvercoming anxiety and depression on the autism spectrum : _ba self-help guide using CBT / _cLee A. Wilkinson, PhD. |
| 260 |
_aLondon : _bJessica Kingsley Publishers, _c2015. |
||
| 300 |
_a160 pages : _billustrations ; _c23 cm |
||
| 500 | _aIncludes bibliographical references and index. | ||
| 650 | 0 |
_aAutism spectrum disorders _xPatients _xRehabilitation. |
|
| 650 | 0 |
_aAutism spectrum disorders _xPatients _xMental health. |
|
| 650 | 0 | _aCognitive therapy. | |
| 650 | 0 |
_aAnxiety _xTreatment. |
|
| 650 | 0 |
_aDepression, Mental _xTreatment. |
|
| 650 | 0 | _aSelf-help techniques. | |
| 906 |
_a7 _bcbc _corignew _d1 _eecip _f20 _gy-gencatlg |
||
| 942 |
_2lcc _cBK _kFOR |
||
| 999 |
_c288890 _d288890 |
||